000 00721nam a2200289Ia 4500
005 20260324134626.0
008 008 260324s9999 xx 000 0 eng d
020 _a9780203759875
037 _aEBOOK
040 _aCRL
040 _beng
040 _cCRL
041 _2eng
041 _aeng
084 _qCRL
100 _aLara Bagnoli; Giovanni B. Traverso
_91197533
245 0 _aPsychology and Law in a Changing World
245 0 _bNew Trends in Theory, Practice and Research
260 _bTaylor and Francis
260 _c2001
365 _a
365 _b220
856 _uhttp://www.taylorfrancis.com/books/9780203759875
942 _cEBOOK
999 _c1797810
_d1797810